000 00526nam a2200229Ia 4500
005 20250425162710.0
008 250425s9999 xx 000 0 und d
020 _a9978823719
041 _aspa
043 _aec
082 _a378.002
100 _aROLDOS AGUILERA, LEON
245 0 _aAUTONOMIA UNIVERSITARIA
250 _aS.E
260 _aEcuador
_bC.A. EL COMERCIO
_c1993
260 _aQUITO
300 _a108
650 _aUNIVERSIDAD-QUITO
650 _aUNIVERSIDAD-QUITO
942 _c01
010 _a97407
999 _c234616
_d234616